| 000 | 00802pam a2200193 a 4500 | ||
|---|---|---|---|
| 020 | _a0309033713 | ||
| 082 | 0 | 0 |
_a380.50973 _bTRA _cD |
| 245 | 0 | 0 |
_aTransportation programming process / _cTransportation Research Board, National Research Council. |
| 260 |
_aWashington, D.C. : _bNational Academy of Sciences, _c1982. |
||
| 300 |
_aiv, 43 p. : _bill. ; _c28 cm. |
||
| 500 | _aReports prepared for the 61st annual meeting of the Transportation Research Board. | ||
| 526 |
_a0 _b0 _c0 _d380_509730000000000_TRA |
||
| 526 |
_a0 _b0 _c0 _d380_509730000000000_TRA |
||
| 650 | 0 |
_aMCE _9379 |
|
| 650 | 0 |
_aTransportation and state _zUnited States _xCongresses. _938309 |
|
| 650 | 0 |
_aTransportation _zUnited States _xPlanning _xCongresses. _938310 |
|
| 710 | 2 |
_aNational Research Council (U.S.). _920017 |
|
| 942 |
_2ddc _cBK |
||
| 999 |
_c542937 _d542937 |
||